1346 1122 1647 1392 1809 1387 1550 1827 1208 1503 1127 1708 1780 1918 1987 1457 1102 1258 1307 1567 1592 1021 1719 1905 1329 1795 1739 1614 1811 1164 1346 1129 1200 1196 1037 1623 1719 1771 1491 1364 1081 1277 1661 1339 1423 1269 1124 1217 1786 1833 1177 1453 1098 1332 1899 1411 1855 1801 1580 1988 1643 1772 1655 1092 1402 1263 1380 1475 1940 1068 1504 1819 1167 1875 1759 1750 1118 1169 1510 1212 1186 1491 1192 1045 1774 1971 1593 1637 1407 1509 1373 1568 1780 1263 1999 1201 1952 1752 1658 BCNSPRNW ULIB Ver.6.0+V

เปลี่ยนเป็นภาษาไทย

Change to English
 แสดงรายละเอียดบรรณานุกรม
  กลับหน้าหลัก

Brief Record : Get Marc (ISO 2709) : E-mail record : QR code < ปิดหน้าต่าง
LEADER : 00000nam 2200000uu 4500
001    13399124448
003     ULIB
008    150722s2554||||th 000 0 tha d
020    ^a9789747766158
060 04 ^aWY100^bค127ก
245 00 ^aการบำบัดทางการพยาบาล /^cโดยคณาจารย์สถาบันพระบรมราช
250    ^aพิมพ์ครั้งที่ 8.
260    ^aนนทบุรี :^bโครงการสวัสดิการวิชาการ สถาบันพระบรมราชชนกสถาบันพระบรมราชชนก,^c2554
300    ^a354 หน้า :^bภาพประกอบ ;^c26 ซม.
650  7 ^aการพยาบาล
650  7 ^aการพยาบาลอายุรศาสตร์
650  0 ^aบำบัดการพยาบาล
710 2  ^aสถาบันพระบรมราชชนก. ^bโครงการสวัสดิการวิชาการ
945    ^p150^l0^i039646
945    ^p150^l0^i039647
945    ^p150^l0^i039648
945    ^p150^l0^i039649
945    ^p150^l0^i039650
945    ^p150^l0^i039651
945    ^p150^l0^i039652
945    ^p150^l0^i039653
945    ^p150^l0^i039654
945    ^p150^l0^i039655
999    ^aเกษร โพธิ์สุวรรณ
รายการนี้ยังไม่มีแท็ก
คุณยังไม่ได้ล็อกอิน คุณสามารถมีกิจกรรมร่วมกับเว็บไซต์ได้ แต่ต้องล็อกอินก่อน ::
  ล็อกอิน

รายการสื่อสารสนเทศ

ลำดับที่ ประเภท เลขเรียก/บาร์โค้ด สถานที่ สถานะ
1. วิทยาศาสตร์การแพทย์ และสุขภาพ
หนังสือสำรอง
สถานะ=หนังสือสำรอง
WY100 ค127ก ฉ.1 
  Barcode: 039646
ห้องสมุดวิทยาเขตสวรรค์ประชารักษ์
►ส่วนจัดเก็บหนังสือเก่า สปร
บนชั้น
  ขอยืม
2. วิทยาศาสตร์การแพทย์ และสุขภาพ
วิทยาศาสตร์การแพทย์ และสุขภาพ
WY100 ค127ก ฉ.10 
  Barcode: 039655
ห้องสมุดวิทยาเขตสวรรค์ประชารักษ์
►หนังสือทั่วไป
บนชั้น
3. วิทยาศาสตร์การแพทย์ และสุขภาพ
วิทยาศาสตร์การแพทย์ และสุขภาพ
WY100 ค127ก ฉ.2 
  Barcode: 039647
ห้องสมุดวิทยาเขตสวรรค์ประชารักษ์
►ส่วนจัดเก็บหนังสือเก่า สปร
บนชั้น
  ขอยืม
4. วิทยาศาสตร์การแพทย์ และสุขภาพ
วิทยาศาสตร์การแพทย์ และสุขภาพ
WY100 ค127ก ฉ.3 
  Barcode: 039648
ห้องสมุดวิทยาเขตสวรรค์ประชารักษ์
►ส่วนจัดเก็บหนังสือเก่า สปร
บนชั้น
  ขอยืม
5. วิทยาศาสตร์การแพทย์ และสุขภาพ
วิทยาศาสตร์การแพทย์ และสุขภาพ
WY100 ค127ก ฉ.4 
  Barcode: 039649
ห้องสมุดวิทยาเขตสวรรค์ประชารักษ์
►ส่วนจัดเก็บหนังสือเก่า สปร
บนชั้น
  ขอยืม
6. วิทยาศาสตร์การแพทย์ และสุขภาพ
วิทยาศาสตร์การแพทย์ และสุขภาพ
WY100 ค127ก ฉ.5 
  Barcode: 039650
ห้องสมุดวิทยาเขตสวรรค์ประชารักษ์
►ส่วนจัดเก็บหนังสือเก่า สปร
บนชั้น
  ขอยืม
7. วิทยาศาสตร์การแพทย์ และสุขภาพ
วิทยาศาสตร์การแพทย์ และสุขภาพ
WY100 ค127ก ฉ.6 
  Barcode: 039651
ห้องสมุดวิทยาเขตสวรรค์ประชารักษ์
►ส่วนจัดเก็บหนังสือเก่า สปร
บนชั้น
  ขอยืม
8. วิทยาศาสตร์การแพทย์ และสุขภาพ
วิทยาศาสตร์การแพทย์ และสุขภาพ
WY100 ค127ก ฉ.7 
  Barcode: 039652
ห้องสมุดวิทยาเขตสวรรค์ประชารักษ์
►ส่วนจัดเก็บหนังสือเก่า สปร
บนชั้น
  ขอยืม
9. วิทยาศาสตร์การแพทย์ และสุขภาพ
วิทยาศาสตร์การแพทย์ และสุขภาพ
WY100 ค127ก ฉ.8 
  Barcode: 039653
ห้องสมุดวิทยาเขตสวรรค์ประชารักษ์
►ส่วนจัดเก็บหนังสือเก่า สปร
บนชั้น
  ขอยืม
10. วิทยาศาสตร์การแพทย์ และสุขภาพ
วิทยาศาสตร์การแพทย์ และสุขภาพ
WY100 ค127ก ฉ.9 
  Barcode: 039654
ห้องสมุดวิทยาเขตสวรรค์ประชารักษ์
►หนังสือทั่วไป
บนชั้น

รายการใกล้เคียง
    หัวเรื่อง [การพยาบาล]
    หัวเรื่อง [การพยาบาลอายุรศาสตร์]
    หัวเรื่อง [บำบัดการพยาบาล]

BibComment


ยังไม่เคยถูกคอมเมนท์

คอมเมนท์ทรัพยากรรายการนี้
  คอมเมนท์: การบำบัดทางการพย..


 Copyright 2026. Bcnsprnw @Library